Inovativní lídry si firmy musí vychovat

Ako rozvíjať manažérov v lídershipe. Problémy, s ktorými sa stretávajú personalisti. Rozvojové programy. Príbehy z praxe. Čo sa očakáva od aktívneho manažéra.

Salvato in:
Dettagli Bibliografici
Autore principale: Filipová, Lenka
Natura: Capitolo di libro
Lingua:ceco
Soggetti:
Tags: Aggiungi Tag
Nessun Tag, puoi essere il primo ad aggiungerne!!

MARC

LEADER 00000naa a2200000 4500
001 0204735
005 20231211095750.9
041 0 |a cze 
044 |a CZ 
245 1 0 |a Inovativní lídry si firmy musí vychovat  |c Lenka Filipová 
520 |a Ako rozvíjať manažérov v lídershipe. Problémy, s ktorými sa stretávajú personalisti. Rozvojové programy. Príbehy z praxe. Čo sa očakáva od aktívneho manažéra. 
610 2 0 |a manažéri 
610 2 0 |a lídri 
610 2 0 |a koučovanie 
610 2 0 |a rozvoj pracovníkov 
610 2 0 |a programy rozvojové 
100 1 |a Filipová, Lenka